000 01165cam a2200397 4500
008 090401t1991 xxu||||| |||| 00| 0 eng d
020 _a0333471512
035 _a(Sirsi) u42238
041 _aeng
050 _a333.332
_c18
100 _aIsaac, David
245 _aProperty valuation techniques
260 _aLondon
_bMacMillan
_c1991
300 _aviii, 167p.
_c24cm.
490 _aMacmillan Building and Surveying Series
520 _aAn introduction to alternative techniques for the valuation and analysis of property investments.
520 _aSuperseded by second edition (ISBN 0333792203).
650 _aCOMPUTERS
650 _aDEVELOPMENT VALUATIONS
650 _aDISCOUNTED CASH FLOW
650 _aEQUATED RENTS
650 _aEQUATED YIELDS
650 _aEQUIVALENT YIELDS
650 _aFINANCIAL APPRAISAL TECHNIQUES
650 _aHARDCORE METHOD
650 _aINTEREST RATES
650 _aLEASEHOLD VALUATIONS
650 _aRENT
650 _aRISK
650 _aTAXATION
650 _aYIELDS
690 _aPROPERTY-PROPERTY APPRAISAL AND VALUATION
700 _aSteley, Terry
942 _n0
948 _c04/03/1997
999 _c91045
_d91045